A history in fragments : (Record no. 14862)

000 -LEADER
fixed length control field 01139cam a2200313 a 4500
001 - CONTROL NUMBER
control field 13314409
005 - DATE AND TIME OF LATEST TRANSACTION
control field 20170105102906.0
008 - FIXED-LENGTH DATA ELEMENTS--GENERAL INFORMATION
fixed length control field 030815r20012000mauab e b 001 0 eng
010 ## - LIBRARY OF CONGRESS CONTROL NUMBER
LC control number 2003276348
020 ## - INTERNATIONAL STANDARD BOOK NUMBER
International Standard Book Number 0306810638 (pbk.)
020 ## - INTERNATIONAL STANDARD BOOK NUMBER
International Standard Book Number 0306811790 (pbk.)
040 ## - CATALOGING SOURCE
Original cataloging agency DLC
Transcribing agency DLC
Modifying agency DLC
043 ## - GEOGRAPHIC AREA CODE
Geographic area code e------
050 00 - LIBRARY OF CONGRESS CALL NUMBER
Classification number D424
Item number .V56 2001
082 04 - DEWEY DECIMAL CLASSIFICATION NUMBER
Classification number 940/.5
Edition number 21
100 1# - MAIN ENTRY--PERSONAL NAME
Personal name Vinen, Richard.
245 12 - TITLE STATEMENT
Title A history in fragments :
Remainder of title Europe in the twentieth century /
Statement of responsibility, etc. Richard Vinen.
250 ## - EDITION STATEMENT
Edition statement 1st Da Capo Press ed.
260 ## - PUBLICATION, DISTRIBUTION, ETC.
Place of publication, distribution, etc. Cambridge, MA :
Name of publisher, distributor, etc. Da Capo Press,
Date of publication, distribution, etc. 2001.
300 ## - PHYSICAL DESCRIPTION
Extent xii, 628 p. :
Other physical details ill., maps, ;
Dimensions 23 cm.
500 ## - GENERAL NOTE
General note Originally published: London : Little, Brown, 2000.
504 ## - BIBLIOGRAPHY, ETC. NOTE
Bibliography, etc. note Includes bibliographical references (p. [532]-594) and index.
651 #0 - SUBJECT ADDED ENTRY--GEOGRAPHIC NAME
Geographic name Europe
General subdivision History
Chronological subdivision 20th century.
651 #0 - SUBJECT ADDED ENTRY--GEOGRAPHIC NAME
Geographic name Europe
General subdivision Social conditions
Chronological subdivision 20th century.
856 42 - ELECTRONIC LOCATION AND ACCESS
Materials specified Publisher description
Uniform Resource Identifier <a href="http://www.loc.gov/catdir/enhancements/fy0830/2003276348-d.html">http://www.loc.gov/catdir/enhancements/fy0830/2003276348-d.html</a>
906 ## - LOCAL DATA ELEMENT F, LDF (RLIN)
a 7
b cbc
c origcop
d 3
e ncip
f 20
g y-gencatlg
942 ## - ADDED ENTRY ELEMENTS (KOHA)
Source of classification or shelving scheme
Koha item type Book
Holdings
Withdrawn status Lost status Damaged status Not for loan Collection code Permanent Location Current Location Shelving location Date acquired Total Checkouts Full call number Barcode Date last seen Price effective from Koha item type
          Centre for International Peace & Stability (CIPS) Centre for International Peace & Stability (CIPS) General Stacks 10/01/2013   940.5 VIN 2000 CIPS0001123 10/23/2013 10/23/2013 Book
© 2023 Central Library, National University of Sciences and Technology. All Rights Reserved.